Erosion / (Record no. 5923)

000 -CABECERA
fixed length control field 00605nam a22002057a 4500
003 - IDENTIFICADOR DEL NÚMERO DE CONTROL
control field AR-CdUCM
008 - DATOS DE LONGITUD FIJA--INFORMACIÓN GENERAL
fixed length control field 190313b ||||| |||| 00| 0 spa d
040 ## - FUENTE DE LA CATALOGACIÓN
Agencia/entidad que catalogó originalmente la obra MUNICIPALIDAD PROVINCIAL DEL CUSCO
Entidad que transcribió la catalogación BIBLIOTECA MUNICIPAL DEL CUSCO
082 ## - NÚMERO DE LA CLASIFICACIÓN DECIMAL DEWEY
No. de Clasificación 869.56 /
Notacion interna M43
100 ## - ENTRADA PRINCIPAL--NOMBRE DE PERSONA
Nombre Personal Mercado, Guillermo
245 ## - MENCIÓN DE TÍTULO
Título Erosion /
260 ## - PUBLICACIÓN, DISTRIBUCIÓN, ETC.
Lugar de publicación, distribución, etc. Arequipa-Perú :
Nombre de la editorial, distribuidor, etc. El Sol ;
Fecha de publicación, distribución, etc. 1969.
300 ## - DESCRIPCIÓN FÍSICA
Nº de Páginas Extensión 101 páginas ;
Dimensiones 21cm
505 ## - NOTA DE CONTENIDO CON FORMATO
Nota de contenido formateada Contenido: Poemas
650 ## - PUNTO DE ACCESO ADICIONAL DE MATERIA--TÉRMINO DE MATERIA
Descriptor Poemas peruanos
9 (RLIN) 1040
650 ## - PUNTO DE ACCESO ADICIONAL DE MATERIA--TÉRMINO DE MATERIA
Descriptor Literatura peruana
9 (RLIN) 7175
942 ## - ELEMENTOS DE PUNTO DE ACCESO ADICIONAL (KOHA)
Fuente de clasificación
Tipo de item Libros-BMC
945 ## - PROCESAMIENTO DE INFORMACIÓN LOCAL (OCLC)
Catalogador nom

No items available.

Powered by Koha